Datum a čas kvízu
26.5
Celkem bodů
Celkový počet nahraných bodů na tomto kvízu bez doplňovacích otázek.
1.
Pořadí na kvízu
Konečné umístění týmu na tomto kvízu.
Zaznamenané odpovědi
| # | Otázka | Odpověď | Body | Výsledky |
|---|---|---|---|---|
| 1. | Čeští senátoři zvolili ve stře... | 1 | ||
| 2. | Český europoslanec, zvolený za... | 0 | ||
| 3. | Nejstreamovanější kapela roku... | 1 | ||
| 4. | Další výrobce luxusních vozů o... | 0 | ||
| 5. | Minulý týden probíhal v Londýn... | 0 | ||
| 5. | Který produkt propaguje již de... | 1 | ||
| 5. | Jak se jmenuje herečka v roli... | 1 | ||
| 8. | Dvojnásobná olympijská vítězka... | 1 | ||
| 5. | Jak se jmenuje značka, s níž j... | 1 | ||
| 10. | Přiřaďte jména známých osobnos... | 1 |